| 000 | 00615nam a2200193Ia 4500 | ||
|---|---|---|---|
| 003 | GCL | ||
| 008 | 140319s9999 xx 000 0 ara d | ||
| 040 |
_aGCL / _cGCL |
||
| 082 | 0 | 4 |
_a001.6425 _bم ا |
| 100 | 1 | _aمحمد فهمى طلبه | |
| 245 | 1 | 0 |
_aالانترنت : طريق المعلومات السريع / _cمحمد فهمى طلبه |
| 300 | _a250 ص | ||
| 490 |
_aاجمل الحكايات _v0 |
||
| 650 | 0 | 4 | _aالحاسبات الالكترونية |
| 650 | 0 | 4 | _aشبكات المعلومات |
| 650 | 0 | 4 | _aتكنولوجيا المعلومات |
| 650 | 0 | 4 | _aالإنترنت |
| 942 |
_2ddc _cBK |
||
| 999 |
_c45459 _d45459 |
||